Central Library OPAC University of Rajshahi
Normal view MARC view

Entry Personal Name

Number of records used in: 3

001 - CONTROL NUMBER

  • control field: 15748

003 - CONTROL NUMBER IDENTIFIER

  • control field: BD-RjUL

005 - DATE AND TIME OF LATEST TRANSACTION

  • control field: 20250624100813.0

008 - FIXED-LENGTH DATA ELEMENTS

  • fixed length control field: 250624|| aca||aabn | a|a d

040 ## - CATALOGING SOURCE

  • Original cataloging agency: BD-RjUL
  • Transcribing agency: BD-RjUL

100 ## - HEADING--PERSONAL NAME

  • Personal name: Burke, Edmund,
  • Dates associated with a name: 1729-1797

670 ## - SOURCE DATA FOUND

  • Source citation: Work cat.: (BD-RjUL)85037: Burke, Edmund, 1729-1797., Burke's speeches: On American taxation, On conciliation with America, & Letter to the sheriffs of Bristol., 1915